| 000 | 01728nam a22002177a 4500 | ||
|---|---|---|---|
| 999 |
_c62174 _d62174 |
||
| 003 | Ge_BSU | ||
| 005 | 20240726171518.0 | ||
| 008 | 240726s2020 ge ||||| |||| 00| 0 geo d | ||
| 020 | _a9789941468865 | ||
| 041 | _ageo | ||
| 080 | _a94(395)(031)ა-69 | ||
| 245 |
_aანტიკური კავკასია : ენციკლოპედია. _bტომი 4, 1, ლ-რ / _c რედაქტორები: რისმაგ გორდეზიანი, მაია დანელია, გიორგი უგულავა ; ყდის დიზაინი ნიკა მაჩაიძე. |
||
| 264 |
_aთბილისი : _bლოგოსი, _c 2020. |
||
| 300 |
_a274 გვ. _b29 სმ. |
||
| 440 |
_aპროგრამა "ლოგოსი" : პუბლიკაციები და ღონისძიებები კლასიკური ფილოლოგიის, ბიზანტინისტიკისა და ნეოგრეცისტიკის სფეროში _93642 |
||
| 653 | _aანტიკური კავკასია -- ენციკლოპედიები. | ||
| 700 |
_aგორდეზიანი, რისმაგ _eრედაქტორი _922978 |
||
| 700 |
_a დანელია, მაია _eრედაქტორი და სხვ _922979 |
||
| 710 |
_aივანე ჯავახიშვილის სახ. თბილისის სახელმწ. უნ-ტი, კლასიკური ფილოლოგიის, ბიზანტინისტიკისა და ნეოგრეცისტიკის ინ-ტი _913901 |
||
| 942 |
_2udc _cBK |
||